000 01142cam a22003377a 4500
003 CHAP
005 20220329133302.0
008 971013s1990 r 00010 d
010 _a4302
011 _a5274
035 _a4481
040 _cCHAP
082 _a633.73016
_bM39
100 0 0 _aMaya Montalvo, Luis Alejandro.
_973197
245 0 _aInformación científica y técnica producida por CENICAFE 1938-1988
_b: resúmenes analíticos
260 _aChinchina, Col. :
_bFederación Nacional de Cafeteros de Colombia,
_c1990
300 _a650 p
490 0 _aResúmenes analíticos
_v; 1
590 _aBATCH-UPD
_b10
_c20130110
_lUCH01
_h0854
590 _aBATCH-UPD
_b10
_c20130410
_lUCH01
_h0525
590 _aBATCH-UPD
_b10
_c20130914
_lUCH01
_h0810
590 _aCONVERSION
_b10
_c20130109
_lUCH01
_h1304
650 1 4 _aCafé
_xBibliografía.
_917112
650 1 4 _aCafé
_xBibliografía.
_917112
650 1 4 _aCafé
_xInvestigación.
_917161
650 1 4 _aCafé
_xRendimiento.
_917196
830 0 _aResúmenes analíticos
_v; 1
_996155
901 _aBK
942 _cLIBRO
949 _a633.73016 M39
_bBC
_cC
_d33724000571147
_eC
_h81691
_i4481
_si
999 _c4302
_d4302